Solar electricity / (Record no. 355345)

000 -LEADER
fixed length control field 01312cam a2200337 a 4500
001 - CONTROL NUMBER
control field 11997039
003 - CONTROL NUMBER IDENTIFIER
control field Nust- CAS-E
005 - DATE AND TIME OF LATEST TRANSACTION
control field 20180118181358.0
008 - FIXED-LENGTH DATA ELEMENTS--GENERAL INFORMATION
fixed length control field 000504s2000 enka b 001 0 eng
010 ## - LIBRARY OF CONGRESS CONTROL NUMBER
LC control number 00033028
020 ## - INTERNATIONAL STANDARD BOOK NUMBER
International Standard Book Number 0471988529
040 ## - CATALOGING SOURCE
Original cataloging agency DLC
Transcribing agency DLC
Modifying agency DLC
050 00 - LIBRARY OF CONGRESS CALL NUMBER
Classification number TK1087
Item number .S66 2000
082 00 - DEWEY DECIMAL CLASSIFICATION NUMBER
Classification number 621.31244
Edition number 21
Author Mark SOL 2000
245 00 - TITLE STATEMENT
Title Solar electricity /
Statement of responsibility, etc. edited by Tomas Markvart.
250 ## - EDITION STATEMENT
Edition statement 2nd ed.
260 ## - PUBLICATION, DISTRIBUTION, ETC.
Place of publication, distribution, etc. Chichester ;
-- New York :
Name of publisher, distributor, etc. Wiley,
Date of publication, distribution, etc. 2000.
300 ## - PHYSICAL DESCRIPTION
Extent xiv, 280 p. :
Other physical details ill ;
Dimensions 25 cm.
440 #0 - SERIES STATEMENT/ADDED ENTRY--TITLE
Title Energy engineering learning package
440 #0 - SERIES STATEMENT/ADDED ENTRY--TITLE
Title UNESCO energy engineering series
504 ## - BIBLIOGRAPHY, ETC. NOTE
Bibliography, etc. note Includes bibliographical references and index.
650 #0 - SUBJECT ADDED ENTRY--TOPICAL TERM
Topical term or geographic name entry element Photovoltaic power systems.
650 #0 - SUBJECT ADDED ENTRY--TOPICAL TERM
Topical term or geographic name entry element Photovoltaic power generation.
650 #0 - SUBJECT ADDED ENTRY--TOPICAL TERM
Topical term or geographic name entry element Solar cells.
700 1# - ADDED ENTRY--PERSONAL NAME
Personal name Markvart, T.
856 42 - ELECTRONIC LOCATION AND ACCESS
Materials specified Publisher description
Uniform Resource Identifier <a href="http://www.loc.gov/catdir/description/wiley031/00033028.html">http://www.loc.gov/catdir/description/wiley031/00033028.html</a>
856 4# - ELECTRONIC LOCATION AND ACCESS
Materials specified Table of Contents
Uniform Resource Identifier <a href="http://www.loc.gov/catdir/toc/onix01/00033028.html">http://www.loc.gov/catdir/toc/onix01/00033028.html</a>
906 ## - LOCAL DATA ELEMENT F, LDF (RLIN)
a 7
b cbc
c orignew
d 1
e ocip
f 20
g y-gencatlg
942 ## - ADDED ENTRY ELEMENTS (KOHA)
Source of classification or shelving scheme
Koha item type Book
Holdings
Withdrawn status Lost status Source of classification or shelving scheme Damaged status Not for loan Collection code Permanent Location Current Location Shelving location Date acquired Source of acquisition Cost, normal purchase price Total Checkouts Full call number Barcode Date last seen Date last checked out Price effective from Koha item type Copy number
            US-Pakistan Center for Advanced Studies in Energy (USPCAS-E) US-Pakistan Center for Advanced Studies in Energy (USPCAS-E) General Stacks 04/17/2013 Victoria co 27012.00 1 621.31244 SOL 2000 CAS-E0000229 11/29/2016 10/28/2016 04/18/2014 Book  
            US-Pakistan Center for Advanced Studies in Energy (USPCAS-E) US-Pakistan Center for Advanced Studies in Energy (USPCAS-E)   01/29/2016 Golden books 7925.00   621.31244 SOL 2000 CAS-E0001356 01/29/2016   01/29/2016 Book C-2
© 2023 Central Library, National University of Sciences and Technology. All Rights Reserved.